KOHA-Header-6

Tahreek Pakistan (Record no. 7372)

000 -LEADER
fixed length control field 00267nam a2200109Ia 4500
100 ## - MAIN ENTRY--AUTHOR NAME
Personal name Shareef-ul-Mujahid
245 #0 - TITLE STATEMENT
Title Tahreek Pakistan
260 ## - PUBLICATION, DISTRIBUTION, ETC. (IMPRINT)
Place of publication Karachi
Name of publisher Quaid-e-Azam Academy
Year of publication 1987
300 ## - PHYSICAL DESCRIPTION
Number of Pages 404
942 ## - ADDED ENTRY ELEMENTS (KOHA)
Koha item type Books
Holdings
Withdrawn status Lost status Collection code Permanent Location Current Location Shelving location Date acquired Full call number Accession Number Koha item type
      MAJU MAJU   2019-09-12 891.11 1229 Pakistan Studies

Powered by Koha